=LDR 00000nam 2200000 4500 =001 INLIS000000000029180 =005 20200812013324 =035 ##$$a 0010-061300000029180 =008 200812################g##########0#ind## =041 ##$$a Ind =082 ##$$a 2x7.21 =090 ##$$a 2x7.21, Pur d =100 ##$$a Purwadi =245 1#$$a Dakwah wali songo : $b Penyebaran islam berbasis kultural di tanah Jawa /$c Dr. Purwadi, M. Hum, Dra. Enis Niken H., M. Hum =260 ##$$a Yogyakarta :$b Panji Pustaka,$c 2007 =300 ##$$a x, 281 hlm, ; $c 21 x 14 cm. =650 #4$$a Dakwah Islam =850 ##$$a NBPNMAT =084 ##$$a 2x7.21 PUR d =020 ##$$a 979-25-2725-8 =250 ##$$a cet. 1 =500 ##$$a Bibliografi hlm. 269-281 =700 #$$a Enis Niken =520 ##$$a Biografi hlm. 283-284 =990 ##$$a 20800307 =990 ##$$a 20800306 =990 ##$$a 20800304 =990 ##$$a 20800305